| 000 | 00844nam a22002177a 4500 | ||
|---|---|---|---|
| 999 |
_c17130 _d17130 |
||
| 003 | AR-CdUCM | ||
| 008 | 190507b ||||| |||| 00| 0 spa d | ||
| 040 |
_aMUNICIPALIDAD PROVINCIAL DEL CUSCO _cBIBLIOTECA MUNICIPAL DEL CUSCO |
||
| 082 |
_a333.1 / _bD75 |
||
| 100 |
_aDiez Canseco B., Octavio _936987 |
||
| 245 | _aDe espaldas al desarrollo agrario peruano / | ||
| 260 |
_aLima : _c1960. |
||
| 300 |
_a280 paginas ; _c25 cm. |
||
| 500 | _aDesarrolo agrario peruano | ||
| 505 | _aContenido: El gran problema agrario peruano -- Evolución poblacional y sus repercusiones en la agricultura -- Estructura fundiaria y su mejoramiento -- La reforma agraria en el Perú -- Regimen juridico agrario... | ||
| 650 |
_aRegimen _936988 |
||
| 650 |
_aAgrario _911985 |
||
| 650 |
_aPeruano _927311 |
||
| 942 |
_2ddc _cLIBROS |
||
| 945 |
_apjha _d2019-05-07 |
||